MARC

LEADER 00000nam0a2200000 4500
001 321951
005 20231102003427.0
035 |a (RuTPU)RU\TPU\book\347507 
090 |a 321951 
100 |a 20160909d1934 km y0rusy50 ca 
101 0 |a rus 
102 |a RU 
105 |a a z 000zy 
200 1 |a Бинарные циклы. Проблема неводяных паров в паросиловых установках  |f Н. И. Дунаевский 
210 |a Москва  |a Ленинград  |c Госэнергоиздат  |d 1934 
215 |a 117 с.  |c ил.  |e Прилож.: 1 вкл. л. 
606 1 |a Паросиловые установки  |x Тепловые циклы  |x Регулирование  |2 stltpush  |3 (RuTPU)RU\TPU\subj\48315  |9 67191 
610 1 |a неводяные пары 
610 1 |a бинарные циклы 
610 1 |a термодинамика 
610 1 |a конденсаторы-испарители 
610 1 |a ртутные установки 
610 1 |a технико-экономический анализ 
610 1 |a таблицы 
675 |a 621.11  |v 4 
700 1 |a Дунаевский  |b Н. И. 
801 1 |a RU  |b 63413507  |c 20160909 
801 2 |a RU  |b 63413507  |c 20200604  |g RCR 
942 |c BK